| 000 | 01119nam a22002777a 4500 | ||
|---|---|---|---|
| 005 | 20081027121214.0 | ||
| 008 | 081027t xxu||||| |||| 00| 0 pnb d | ||
| 010 | _aPUN-5949 | ||
| 020 |
_c9.00 _a9788182567399 |
||
| 035 | _aPN-5252 | ||
| 037 | _bDBAD / PUB | ||
| 040 |
_adpl _bPNB |
||
| 082 | _a808.88 | ||
| 100 |
_aਚਰਨ ਸਿੰਘ _925657 |
||
| 245 |
_aਪ੍ਰਕਾਸ਼ ਦੀ ਖੌਜ / _bਚਰਨ ਸਿੰਘ |
||
| 246 |
_aPrakash Di Khoj _bby Charan Singh |
||
| 260 |
_aਬਿਆਸ _bਰਾਧਾਸੁਆਮੀ ਸਤਿਸੰਗ _c2007 |
||
| 270 |
_aਰਾਧਾਸੁਆਮੀ ਸਤਿਸੰਗ ਡੇਰਾ ਬਾਬਾ ਜੈਮਲ ਸਿੰਘ _bਬਿਆਸ |
||
| 300 |
_a335 ਸਫੇ; _b22 ਸੇਮੀ ,(ਅਜਿਲਦ) |
||
| 650 |
_aਪੰਜਾਬੀ _925658 |
||
| 650 |
_aPunjabi _925659 |
||
| 700 |
_a _925660 |
||
| 700 |
_a _925661 |
||
| 942 |
_2ddc _cPN _mਚਰਨ _h808.88 |
||
| 999 |
_c17494 _d17494 |
||